000 00520nam a2200205Ia 4500
003 GCL
008 140319s9999 xx 000 0 eng d
040 _aGCL /
_cGCL
082 0 4 _aCH
_b823.087
_bM P
100 1 _aMONCURE, JANE BELK
245 1 0 _aPOLKA - DOT PUPPY /
_cMONCURE, JANE BELK
700 1 _aENDRES, HELEN
260 _a[S.N] :
_bTHE CHILD WORLD, INC ،
_c1991
300 _a31 P
650 0 4 _aLITERATURE
650 0 4 _aCHILDREN
650 0 4 _aFICTION
650 0 4 _aCHILDREN - FICTION
942 _2ddc
_cBK
999 _c14290
_d14290